000 00789nam a2200217Ia 4500
003 GCL
008 140319s9999 xx 000 0 ara d
020 _a6049269959
040 _aGCL /
_cGCL
082 0 4 _a306.45
_bر هـ
100 1 _aرجب بو دبوس
245 1 0 _aالهوية ليست ارثا فولكوريا انها ما يحدد مواقفنا ، ويقود تصرفاتنا ، ويفسر سلوكنا /
_cرجب بو دبوس
250 _aالاولى
260 _aليبيا :
_bاكاديمية الفكر الجماهيري ،
_c2003
300 _a200ص ؛
_c21سم
490 _aمواقف
_v12
650 0 4 _aالوعى الاجتماعى
650 0 4 _aالتثقيف الذاتى
650 0 4 _aالانثروبولوجيا الثقافية
942 _2ddc
_cBK
999 _c7710
_d7710